[Event "ch-FRA w"]
[Site "Aix les Bains FRA"]
[Date "2003.08.24"]
[Round "7"]
[White "Milliet,S"]
[Black "Wohlers Armas,F"]
[Result "1-0"]
[WhiteElo "2275"]
[BlackElo "2157"]

1.e4 g6 2.d4 Bg7 3.Nc3 c6 4.Nf3 d5 5.h3 dxe4 6.Nxe4 Nf6 7.Bd3 Nxe4 8.Bxe4 Nd7
9.O-O Nf6 10.Bd3 O-O 11.Re1 h6 12.c3 Qc7 13.Ne5 e6 14.Bf4 Qd8 15.Qd2 Kh7
16.Nxf7 Rxf7 17.Bxg6+ Kg8 18.Bxf7+ Kxf7 19.Bxh6 Qh8 20.Bxg7 Qxg7 21.Qf4 Ke7
22.Re5 Bd7 23.Rg5 Qh7 24.Qg3 Ne8 25.Re1 Rc8 26.h4 Qc2 27.h5 Qxb2 28.h6 Qd2
29.Re3 Qxa2 30.Qh4 Qb1+ 31.Kh2  1-0

[Event "TCh-BIH"]
[Site "Neum BIH"]
[Date "2003.08.24"]
[Round "3"]
[White "Pasic,E"]
[Black "Nurkic,S"]
[Result "1-0"]
[WhiteElo "2257"]
[BlackElo "2391"]

1.e4 g6 2.d4 Bg7 3.Nc3 c6 4.g3 d5 5.exd5 cxd5 6.Bg2 Nf6 7.h3 O-O 8.Nge2 Nc6
9.O-O Ne4 10.Nxe4 dxe4 11.Be3 f5 12.c4 e5 13.d5 Ne7 14.Bc5 Kh8 15.Nc3 Bd7
16.Qb3 b6 17.Ba3 Rf6 18.c5 bxc5 19.Bxc5 Nc8 20.a4 Nd6 21.Nb5 Qb8 22.Bxd6 Rxd6
23.Qc4 Bxb5 24.axb5 Qb7 25.Rfd1 Rad8 26.Qc5 R8d7 27.Bf1 Qb6 28.Qxb6 Rxb6
29.Rac1 Bf8 30.Rc8 Kg7 31.Rdc1 Bd6 32.R1c6 Rbb7 33.Bc4 f4 34.Re8 fxg3 35.fxg3 Bc7
36.Kf1 Bd6 37.Ke2 Re7 38.Rxe7+ Bxe7 39.Ke3 Rd7 40.Kxe4 Bd6 41.b6 axb6 42.Rxb6 Kf6
43.Bb5 Rd8 44.Bc6 Rb8 45.Bb7 Ke7 46.Rb5 Rf8 47.Bc6 Rb8 48.Rxb8 Bxb8 49.b4 Kd6
50.g4 h6 51.Be8 g5 52.Bb5 Bc7 53.Bf1 Ke7 54.Kf5 Bd6 55.b5 Bc7 56.Be2 Kd6
57.Kg6 Bd8 58.Kxh6 Kc5 59.Kg6 Kb6 60.Kf5 Kc5 61.Kxe5 Bc7+ 62.Ke6 Bf4 63.Bf1 Bd6
64.Be2 Bg3 65.Kf5 Bf4 66.h4  1-0

[Event "Acropolis Open"]
[Site "Athens GRE"]
[Date "2003.08.25"]
[Round "1"]
[White "Dochev,D"]
[Black "Koerant,F"]
[Result "1-0"]
[WhiteElo "2380"]
[BlackElo "2099"]

1.e4 g6 2.d4 Bg7 3.Nc3 c6 4.Bc4 d6 5.Nf3 Nf6 6.Bb3 Bg4 7.h3 Bxf3 8.Qxf3 O-O
9.O-O Nbd7 10.a4 a5 11.Bg5 h6 12.Be3 Qc7 13.Rad1 e5 14.Rd2 Rfe8 15.Rfd1 Nf8
16.dxe5 dxe5 17.Rd6 N8h7 18.Rd7 Nxd7 19.Qxf7+ Kh8 20.Rxd7 Qxd7 21.Qxd7 Rab8
22.Ba7 Red8 23.Qf7 Rf8 24.Qxg6  1-0

[Event "Acropolis Open"]
[Site "Athens GRE"]
[Date "2003.08.26"]
[Round "2"]
[White "Kapnisis,S"]
[Black "Koukoufikis,A"]
[Result "1-0"]
[WhiteElo "2392"]
[BlackElo "2158"]

1.e4 g6 2.d4 Bg7 3.Nc3 c6 4.Nf3 b5 5.e5 a6 6.Bf4 f5 7.h4 h6 8.Bd3 e6 9.g4 Bb7
10.Rg1 Qe7 11.Be3 c5 12.gxf5 gxf5 13.dxc5 Nc6 14.Bxf5 exf5 15.Nd5 Qf7 16.Nc7+ Kf8
17.e6 Qf6 18.Nxa8 Bxa8 19.Qxd7 Nge7 20.Bd4 Qxd4 21.Nxd4 Bxd4 22.O-O-O Rg8
23.Rxg8+ Kxg8 24.Qe8+  1-0

[Event "Acropolis Open"]
[Site "Athens GRE"]
[Date "2003.08.28"]
[Round "4"]
[White "Sigalas,F"]
[Black "Gesos,P"]
[Result "1/2-1/2"]
[WhiteElo "2182"]
[BlackElo "2316"]

1.e4 g6 2.d4 Bg7 3.Nc3 c6 4.Nf3 b5 5.e5 d6 6.Bf4 d5 7.Bd3 Na6 8.O-O Nc7 9.h3 h5
10.Re1 Nh6 11.Nh4 Nf5 12.Nxf5 Bxf5 13.Bxf5 gxf5 14.h4 Ne6 15.Ne2 Qb6 16.Qd3 Nxf4
17.Nxf4 e6 18.b4 Bf8 19.c3 Be7 20.g3 a5 21.a3 Kd7 22.Qf3 Rag8 23.Kf1 Rg4
24.Ke2 a4 25.Rh1  1/2-1/2

[Event "XI Open A"]
[Site "Mislata ESP"]
[Date "2003.08.28"]
[Round "9"]
[White "Ibanez Aullana,J"]
[Black "Ugalde Ezcurra,J"]
[Result "0-1"]
[WhiteElo "2296"]
[BlackElo "2134"]

1.e4 g6 2.d4 Bg7 3.Nc3 c6 4.f4 d5 5.e5 Nh6 6.Nf3 f6 7.Be3 O-O 8.Qd2 Bg4 9.Nh4 b5
10.h3 b4 11.Na4 Bc8 12.Nc5 e6 13.g3 a5 14.exf6 Qxf6 15.Nf3 Nf5 16.Bf2 Nd7
17.Nxd7 Bxd7 18.Ne5 Bc8 19.Nxc6 Nd6 20.Bd3 Ne4 21.Bxe4 dxe4 22.Ne5 Qe7 23.O-O Bb7
24.Be3 a4 25.a3 b3 26.c4 Ba6 27.Rfc1 g5 28.fxg5 Bxe5 29.dxe5 Rf3 30.Kh2 Rd8
31.Qe2 Rd3 32.Bf4 Qc5 33.Rf1 Qd4 34.Rae1 Rxf4 35.Qh5 Rd2+ 36.Kh1 Rdf2 37.Rxf2 Qxf2
38.Rd1 Rf8 39.g6 Qf3+ 40.Qxf3 exf3 41.gxh7+ Kxh7 42.Rd4 Rf5 43.Kg1 Rxe5 44.Rh4+ Kg6
45.Rg4+ Kf6 46.Kf2 Bb7 47.Rf4+ Ke7 48.Rh4 Bc6 49.Kf1 Re2 50.c5 Rh2 51.Rh7+ Kf6  0-1

[Event "WGM"]
[Site "Punat CRO"]
[Date "2003.08.28"]
[Round "2"]
[White "Grabics,M"]
[Black "Lakos,N"]
[Result "1/2-1/2"]
[WhiteElo "2316"]
[BlackElo "2372"]

1.e4 g6 2.d4 Bg7 3.Nc3 c6 4.f4 d5 5.e5 h5 6.Nf3 Nh6 7.Bd3 Bg4 8.Be3 e6 9.O-O Bf8
10.h3 Bxf3 11.Qxf3  1/2-1/2

[Event "ch-FRA w"]
[Site "Aix les Bains FRA"]
[Date "2003.08.29"]
[Round "11"]
[White "Nepeina Leconte,M"]
[Black "Roumegous,M"]
[Result "1/2-1/2"]
[WhiteElo "2302"]
[BlackElo "2202"]

1.e4 g6 2.d4 Bg7 3.Nc3 c6 4.Nf3 d5 5.h3 dxe4 6.Nxe4 Nd7 7.Bd3 Ngf6 8.Nxf6+ Nxf6
9.O-O O-O 10.Re1 b5 11.a4 b4 12.Ne5 Bb7 13.a5 Rc8 14.Be3 Nd5 15.Qd2 c5 16.Bh6 cxd4
17.Bxg7 Kxg7 18.Be4 Rc7 19.Qxd4 Nf6 20.Qxd8 Rxd8 21.Bxb7 Rxb7 22.Nc6 Rd6
23.Rxe7 Rxe7 24.Nxe7 a6 25.Ra4 Re6 26.Nc8 Nd5 27.Kf1 Rc6 28.Nb6 Nxb6 29.axb6 Rxb6
30.Ke2 f5 31.Kd3 Rd6+ 32.Ke3 Rc6 33.Rxb4 Rxc2 34.Rb6 a5 35.g4 fxg4 36.hxg4 a4
37.g5 a3 38.bxa3 Rc3+ 39.Ke4 Rxa3 40.Rb7+ Kg8 41.Rb5 Ra7 42.f4 Kg7  1/2-1/2

[Event "1st League TCh-SCG"]
[Site "Budva SCG"]
[Date "2003.08.29"]
[Round "1"]
[White "Popadic,Dr"]
[Black "Nevednichy,V"]
[Result "1/2-1/2"]
[WhiteElo "2261"]
[BlackElo "2593"]

1.e4 g6 2.d4 Bg7 3.Nc3 c6 4.h4 d5 5.e5 h5 6.Be3 Nh6 7.Qd2 Nd7 8.Nh3 Nf5 9.Nf4 e6
10.Bd3 Ne7 11.Nce2 a5 12.O-O-O c5 13.c3 cxd4 14.cxd4 Nb6 15.Kb1 Bd7 16.g4 Nc4
17.Bxc4 dxc4 18.gxh5 Bc6 19.Rhg1 Qd7 20.hxg6  1/2-1/2

[Event "WGM"]
[Site "Punat CRO"]
[Date "2003.08.29"]
[Round "4"]
[White "Pokorna,Reg"]
[Black "Lakos,N"]
[Result "1/2-1/2"]
[WhiteElo "2429"]
[BlackElo "2372"]

1.e4 g6 2.d4 Bg7 3.Nc3 c6 4.Nf3 d5 5.h3 dxe4 6.Nxe4 Nd7 7.Bd3 Ngf6 8.O-O Nxe4
9.Bxe4 Nf6 10.Bd3 O-O 11.Re1 e6 12.Bg5 Qb6 13.Qc1 c5  1/2-1/2

[Event "1st League TCh-SCG w"]
[Site "Budva SCG"]
[Date "2003.08.31"]
[Round "3"]
[White "Urosevic,M"]
[Black "Petrovic,Ma"]
[Result "1/2-1/2"]
[WhiteElo "2009"]
[BlackElo "2236"]

1.d4 g6 2.e4 Bg7 3.Nc3 c6 4.Be3 d5 5.Qd2 dxe4 6.Nxe4 Bf5 7.Ng3 Be6 8.Nf3 h6
9.h4 Nf6 10.Bd3 Nbd7 11.h5 g5 12.Nf5 Bxf5 13.Bxf5 Nb6 14.Bd3 Qd5 15.Kf1 Ne4
16.Qe2 Nd6 17.Re1 O-O-O 18.b3 Nf5 19.c4 Nxe3+ 20.Qxe3 Qa5 21.Qxe7 Rd7 22.Qe3 Rhd8
23.d5 Kb8 24.Bf5 Nxd5 25.cxd5 Rxd5 26.g4 Bc3 27.Re2 Bb4 28.Kg2 Bc5 29.Qc1 Qb4
30.Rhe1 Bb6 31.Qc4 Qd6 32.Be4 Rc5 33.Qxf7 Rf8 34.Qg7 Qf4 35.Bf5 Rcxf5 36.Re8+ Bd8
37.gxf5 Qg4+ 38.Kf1 Qh3+ 39.Kg1 Qg4+ 40.Kf1 Qh3+  1/2-1/2

[Event "ch-ISL"]
[Site "Hafnarborg ISL"]
[Date "2003.08.31"]
[Round "8"]
[White "Kjartansson,D"]
[Black "Gunnarsson,J"]
[Result "1-0"]
[WhiteElo "2320"]
[BlackElo "2411"]

1.e4 g6 2.d4 Bg7 3.Nc3 c6 4.Be3 d6 5.f4 d5 6.e5 h5 7.Bd3 Nh6 8.h3 Bf5 9.Be2 Na6
10.g4 Be6 11.f5 gxf5 12.g5 Ng8 13.Bxa6 bxa6 14.Nge2 f4 15.Nxf4 Bf5 16.Nxh5 Bf8
17.h4 Qb8 18.Rb1 Qc8 19.Ng3 Bg4 20.Qd3 e6 21.Kd2 Ne7 22.Na4 Nf5 23.Nxf5 Bxf5
24.Qc3 Qb7 25.Nc5 Bxc5 26.Qxc5 Qb5 27.h5 Rb8 28.a3 Qxc5 29.dxc5 a5 30.Rh4 Be4
31.b3 a4 32.Kc3 axb3 33.Rxb3 O-O 34.Rf4 Rxb3+ 35.cxb3 Rb8 36.Rf6 Bf5 37.Bd4 a6
38.h6 Rb7 39.b4 Kh7 40.a4 Kg8 41.b5 axb5 42.axb5 cxb5 43.Kb4 Ra7 44.Kxb5 Bd3+
45.Kb6 Ra4 46.Bc3 d4 47.Be1 Ra6+ 48.Kb7 Ra1 49.Bd2 Ra2 50.Rf2 Be4+ 51.Kc7 d3
52.Kd6 Ra6+ 53.Ke7 Ra7+ 54.Kf6 Ra2 55.Rf4 Bg6 56.Bb4 Kh7 57.Rd4 Ra6 58.Ke7 Bf5
59.Kd7 Ra7+ 60.Kd6 Ra4 61.c6 d2 62.c7 Rxb4 63.Rxd2 Rc4 64.Kd7 Kg6 65.c8=Q Rxc8
66.Kxc8 Kxg5 67.Rh2 Bh7 68.Kd7 f6 69.Rg2+  1-0

[Event "Polish Extraleague"]
[Site "Lubniewice POL"]
[Date "2003.08.31"]
[Round "2"]
[White "Jedryczka,K"]
[Black "Zielinska,Mar"]
[Result "1-0"]
[WhiteElo "2354"]
[BlackElo "2429"]

1.e4 g6 2.d4 Bg7 3.Nc3 c6 4.h3 d5 5.Nf3 Nf6 6.e5 Nfd7 7.Bf4 O-O 8.Qd2 f6
9.Bh6 fxe5 10.Bxg7 Kxg7 11.dxe5 Qc7 12.O-O-O Rxf3 13.gxf3 Qxe5 14.f4 Qf6
15.h4 Nf8 16.h5 Bf5 17.Bh3 Nbd7 18.hxg6 hxg6 19.Rdg1 Ne6 20.Bxf5 Qxf5 21.Ne2 Nf6
22.Nd4 Nxd4 23.Qxd4 Kf7 24.Rh4 Rg8 25.Re1 Nh5 26.Qxa7 Qf6 27.Rg4 Nxf4 28.Qxb7 Re8
29.Qc7 Nh5 30.f4 Ra8 31.Kb1 Ra4 32.b3 Rxf4 33.Rxf4 Nxf4 34.Qe5 Qxe5 35.Rxe5 Kf6
36.Re1 e5 37.a4 d4 38.a5 Nd5 39.a6 Nc3+ 40.Kc1 Nb5 41.Kd2 Ke6 42.Rh1 e4 43.Rh7 e3+
44.Ke1 Na3 45.a7 Nxc2+ 46.Ke2 d3+ 47.Kxd3 Nb4+ 48.Kxe3 Nd5+  1-0

[Event "Open"]
[Site "Sharjah UAE"]
[Date "2003.09.02"]
[Round "7"]
[White "Rause,O"]
[Black "Svetushkin,D"]
[Result "0-1"]
[WhiteElo "2222"]
[BlackElo "2571"]

1.e4 g6 2.d4 Bg7 3.Nc3 c6 4.Nf3 d6 5.Be2 b5 6.O-O Bb7 7.Re1 Nd7 8.Bf4 Qc7
9.e5 d5 10.Qd2 e6 11.Bxb5 h6 12.Bd3 Ne7 13.h4 Nb6 14.b4 a5 15.bxa5 Rxa5 16.a4 Nd7
17.Reb1 Ba6 18.Rb3 Nf5 19.Bxa6 Rxa6 20.Rab1 Ra7 21.Qc1 Qd8 22.g3 O-O 23.Rb7 Rxb7
24.Rxb7 c5 25.dxc5 Nxc5 26.Rb5 Ne4 27.Qe1 Qa8 28.Rb4  0-1

[Event "ch-ROM"]
[Site "Satu Mare ROM"]
[Date "2003.09.03"]
[Round "2.1"]
[White "Vasiesiu,D"]
[Black "Ardeleanu,A"]
[Result "1/2-1/2"]
[WhiteElo "2434"]
[BlackElo "2358"]

1.e4 g6 2.d4 c6 3.Nc3 Bg7 4.Nf3 d6 5.h3 Nd7 6.Be3 Ngf6 7.Qd2 O-O 8.Bh6 Qa5
9.Bd3 e5 10.O-O Re8 11.Bxg7 Kxg7 12.Rfe1 Nf8 13.Bf1 b5 14.a3 Qb6 15.Rad1 Bb7
16.Qc1 Qc7 17.b4 a6 18.dxe5 dxe5 19.Qb2 Rad8 20.Rxd8 Rxd8 21.Nb1 Re8 22.Nbd2 c5
23.c4 cxb4 24.axb4 bxc4 25.Bxc4 h6 26.b5  1/2-1/2

[Event "FSGM September"]
[Site "Budapest HUN"]
[Date "2003.09.07"]
[Round "2"]
[White "Pilgaard,K"]
[Black "Csom,I"]
[Result "1/2-1/2"]
[WhiteElo "2446"]
[BlackElo "2455"]

1.e4 g6 2.d4 Bg7 3.Nc3 c6 4.Nf3 d6 5.h3 b6 6.Be3 Ba6 7.Bxa6 Nxa6 8.O-O Nc7
9.Qd2 Nf6 10.Bh6 O-O 11.Rad1 Rc8  1/2-1/2

[Event "1st League TCh-SCG w"]
[Site "Budva SCG"]
[Date "2003.09.08"]
[Round "10"]
[White "Jovanovic,Mirj"]
[Black "Petrovic,Ma"]
[Result "0-1"]
[WhiteElo "2066"]
[BlackElo "2236"]

1.e4 g6 2.d4 Bg7 3.Nc3 c6 4.Nge2 d6 5.Be3 b5 6.a3 Qc7 7.Ng3 a6 8.Be2 Nf6
9.h3 Nbd7 10.Qd2 h5 11.Bf3 Bb7 12.O-O e5 13.Rad1 Rd8 14.Rfe1 exd4 15.Bxd4 Ne5
16.Bxe5 dxe5 17.Qxd8+ Qxd8 18.Rxd8+ Kxd8 19.Rd1+ Kc7 20.Kf1 Bf8 21.Be2 h4
22.Nh1 Bc8 23.Bd3 Nh5 24.Ne2 f5 25.f3 Bc5 26.Nf2 Ng3+ 27.Ke1 Rf8 28.Rb1 Bxf2+
29.Kxf2 fxe4 30.Nxg3 hxg3+ 31.Kxg3 exd3 32.cxd3 Rd8 33.Re1 Rd5 34.h4 Bf5
35.Kf2 Bxd3 36.g4 Kd6 37.Kg3 Bc2 38.Rc1 Rd2 39.h5 gxh5 40.gxh5 Bh7 41.Kh4 Rxb2
42.Kg5 c5 43.Rd1+ Ke6 44.Rd8 c4 45.Rh8 Rg2+ 46.Kh6 Bd3 47.Rc8 Rg3 48.a4 Rxf3
49.axb5 axb5 50.Rc5 Rh3 51.Kg5 Rg3+ 52.Kh6 Be2 53.Rxb5 Rh3 54.Rb2 Rxh5+ 55.Kg6 Rh2
56.Rb6+ Kd5  0-1

[Event "TCh-CRO"]
[Site "Rabac CRO"]
[Date "2003.09.08"]
[Round "2"]
[White "Rogulj,B"]
[Black "Mihalinec,D"]
[Result "1-0"]
[WhiteElo "2411"]
[BlackElo "2207"]

1.e4 c6 2.d4 g6 3.Nc3 Bg7 4.Bc4 d6 5.Qf3 e6 6.Nge2 b5 7.Bb3 a6 8.a4 Bb7 9.Bf4 Ne7
10.Qg3 Nc8 11.h4 Qe7 12.e5 d5 13.h5 b4 14.Nd1 c5 15.Ne3 cxd4 16.Ng4 Nc6 17.h6 Bf8
18.Nf6+ Kd8 19.Bg5 Kc7 20.Nxd5+ exd5 21.Bxe7 N8xe7 22.e6+ Kb6 23.a5+ Ka7
24.exf7 Nf5 25.Qd3 Ne5 26.Qd2 Bc5 27.O-O-O Rac8 28.Nf4 Nc4 29.Qd3 Bf8 30.Ne6 Ne5
31.Qd2 d3 32.Kb1 dxc2+ 33.Bxc2 Nc4 34.Qe1 Nxa5 35.Bxf5 gxf5 36.Rh5 Rc4 37.Rxf5 Re4
38.Qxe4  1-0

[Event "TCh-CRO"]
[Site "Rabac CRO"]
[Date "2003.09.10"]
[Round "4"]
[White "Sermek,D"]
[Black "Mihalinec,D"]
[Result "1-0"]
[WhiteElo "2577"]
[BlackElo "2207"]

1.e4 c6 2.d4 g6 3.Nc3 Bg7 4.h3 Nf6 5.Nf3 O-O 6.e5 Ne8 7.Bf4 d5 8.Bd3 b6 9.O-O Ba6
10.Re1 Bxd3 11.Qxd3 Nc7 12.Ne2 c5 13.dxc5 bxc5 14.Rad1 Nc6 15.c3 Qb8 16.e6 fxe6
17.Qe3 e5 18.Nxe5 Nxe5 19.Bxe5 Bxe5 20.Qxe5 Rf5 21.Qxe7 Rf7 22.Qxc5 Qxb2
23.Nc1 Qc2 24.Qd4 Nb5 25.Qxd5 Qxf2+ 26.Kh1 Nc7 27.Qc4 Qf4 28.Rd4 Qf5 29.a4 Rc8
30.Nd3 Ne8 31.Qb3 Kg7 32.Rf4 Qd7 33.Ne5  1-0

[Event "EYb16"]
[Site "Budva YUG"]
[Date "2003.09.17"]
[Round "5"]
[White "Ris,R"]
[Black "Skoberne,J"]
[Result "1-0"]
[WhiteElo "2205"]
[BlackElo "2089"]

1.e4 g6 2.d4 Bg7 3.Nc3 c6 4.f4 d5 5.e5 h5 6.Be3 Nh6 7.h3 Qb6 8.Na4 Qa5+ 9.c3 h4
10.Nf3 Nf5 11.Bf2 Ng3 12.Bxg3 hxg3 13.b4 Qc7 14.Bd3 Bh6 15.Ng5 O-O 16.O-O Kg7
17.Qf3 f6 18.Qxg3 Bxg5 19.fxg5 f5 20.Rf4 a5 21.bxa5 Qxa5 22.e6 Qc7 23.Nb6 Ra3
24.Nxc8 Rxc3 25.Raf1 Rxc8 26.Qf2 Rf8 27.Bxf5 c5 28.Qh4 Rh8 29.Bb1  1-0

[Event "EYb16"]
[Site "Budva YUG"]
[Date "2003.09.19"]
[Round "6"]
[White "Lappage,J"]
[Black "Vandenbussche,T"]
[Result "0-1"]
[WhiteElo "2208"]
[BlackElo "2040"]

1.e4 g6 2.Nc3 c6 3.d4 Bg7 4.Be3 d5 5.f3 Qb6 6.Qd2 Qxb2 7.Rb1 Qa3 8.exd5 Nf6
9.dxc6 Nxc6 10.d5 Na5 11.Bb5+ Nd7 12.Nge2 O-O 13.Bh6 Qc5 14.Bxg7 Kxg7 15.Ne4 Qc7
16.h4 h5 17.g4 Ne5 18.Qf4 hxg4 19.d6 Nxf3+ 20.Kf1 exd6 21.h5 Qe7 22.hxg6 Nh4
23.Kg1 fxg6 24.Qe3 Nc6 25.Rf1 Rxf1+ 26.Kxf1 Bf5 27.N2g3 Rf8 28.Ke2 Bxe4 29.Qxe4 Nd4+
30.Kd3 Qxe4+ 31.Nxe4 Nxb5 32.Rxh4 d5 33.Nc5 Rf3+ 34.Kd2 g3 35.Rg4 Kf6 36.Ke2 Rc3
37.Nxb7 Kf5 38.Rb4 Rxc2+ 39.Kf1 Nc3 40.Rb3 Kf4 41.Nd6 Kf3  0-1

[Event "3rd ch-Euro Senior"]
[Site "Saint Vincent ITA"]
[Date "2003.09.20"]
[Round "4"]
[White "Vanka,M"]
[Black "Gardi,G"]
[Result "1/2-1/2"]
[WhiteElo "2260"]
[BlackElo "2081"]

1.e4 g6 2.d4 Bg7 3.Nc3 c6 4.f4 Qb6 5.Nf3 d5 6.e5 Bg4 7.Be2 e6 8.O-O Ne7 9.Na4 Qc7
10.b3 Nd7 11.Ba3 Nf5 12.Qd3 Bf8 13.Bxf8 Nxf8 14.Rfd1 Nd7 15.c4 Nb6 16.Nxb6 Qxb6
17.c5 Qd8 18.Ne1 Bxe2 19.Qxe2 h5 20.Nf3 h4 21.b4 a6 22.a4 Kf8 23.Ra3 Kg7
24.Ng5 Rh5 25.Qd2 Qe8 26.Rb1 Qd8 27.Rab3 Ra7 28.Kf2 Rh8 29.Qb2 Qd7 30.Nf3 Rha8
31.g4 hxg3+ 32.hxg3 Nh6 33.Ng5 Rh8 34.Kf3 Ng8 35.b5 axb5 36.axb5 Ne7 37.g4 cxb5
38.Rxb5 Nc6 39.Ke3 Nd8 40.Kf3 Qc6 41.Kg3 Qa6 42.Qf2 Qa2  1/2-1/2

[Event "Tatry Open"]
[Site "Tatranske Zruby SVK"]
[Date "2003.09.29"]
[Round "3"]
[White "Daels,M"]
[Black "Karlik,V"]
[Result "1/2-1/2"]
[WhiteElo "2196"]
[BlackElo "2286"]

1.e4 g6 2.d4 Bg7 3.Nc3 c6 4.Bc4 d6 5.Qf3 e6 6.Nge2 Nd7 7.O-O Qe7 8.Bb3 Ngf6
9.Bg5 h6 10.Be3 e5 11.Rad1 O-O 12.Rfe1 a6 13.Qg3 Kh7 14.f3 b5 15.a3 Bb7 16.dxe5 dxe5
17.Qf2 Rfe8 18.Nc1  1/2-1/2

[Event "Tatry Open"]
[Site "Tatranske Zruby SVK"]
[Date "2003.09.30"]
[Round "5"]
[White "Pinter,E"]
[Black "Vrchotka,J"]
[Result "1-0"]
[WhiteElo "2411"]
[BlackElo "2140"]

1.e4 c6 2.d4 g6 3.Nc3 Bg7 4.Nf3 d6 5.Be2 Nd7 6.O-O e5 7.dxe5 dxe5 8.Be3 Ngf6
9.Nd2 O-O 10.a4 Ne8 11.a5 f5 12.f3 b5 13.axb6 Nxb6 14.Nc4 Nd7 15.Nb6 Rb8
16.Nxc8 Qxc8 17.Rxa7 Rb7 18.Ba6  1-0

[Event "Tatry Open"]
[Site "Tatranske Zruby SVK"]
[Date "2003.10.02"]
[Round "7"]
[White "Chovanec,M"]
[Black "Karlik,V"]
[Result "0-1"]
[WhiteElo "2184"]
[BlackElo "2286"]

1.e4 g6 2.d4 Bg7 3.Nc3 c6 4.Bc4 d6 5.Qf3 e6 6.Nge2 Nd7 7.Bb3 Qe7 8.O-O Ngf6
9.Bg5 h6 10.Bd2 e5 11.d5 O-O 12.a3 Nb6 13.Be3 Bg4 14.Qg3 Bxe2 15.Nxe2 Nxe4
16.Qf3 cxd5 17.Bxb6 axb6 18.Rad1 Nf6 19.Bxd5 Nxd5 20.Rxd5 Rac8 21.Qb3 Rc6
22.Nc3 Qe6 23.Rfd1 Rfc8 24.R1d2 e4 25.Nd1 Rxc2 26.Qxb6 Rxd2 27.Rxd2 Rc1 28.g3 Qd7
29.Rxd6 Rxd1+  0-1

[Event "1st ch-Mediterranean w"]
[Site "Beruit LIB"]
[Date "2003.10.04"]
[Round "8"]
[White "Mouradian,K"]
[Black "Lebel Arias,J"]
[Result "1-0"]
[WhiteElo "2080"]
[BlackElo "1988"]

1.e4 g6 2.d4 Bg7 3.Nc3 c6 4.Be3 b5 5.Qd2 Bb7 6.f3 d6 7.g4 Nd7 8.h4 b4 9.Nce2 a5
10.h5 c5 11.h6 Bf8 12.Ng3 Qb6 13.Bc4 e6 14.Nh3 Be7 15.g5 Rc8 16.O-O Ba6 17.Bxa6 Qxa6
18.f4 cxd4 19.Bxd4 e5 20.Be3 Qc4 21.Rf2 Nc5 22.Bxc5 Qxc5 23.Rf1 Bd8 24.Kg2 Ne7
25.fxe5 dxe5 26.Ng1 O-O 27.Nf3 Bb6 28.Ne1 Rcd8 29.Qe2 Qc7 30.Rf6 Rd6 31.Qf3 Nc6
32.Ne2 Qe7 33.Nd3 Nd4 34.Nxd4 Bxd4 35.Kg3 Rxf6 36.Qxf6 Qxf6 37.Rxf6 Rc8 38.Ra6 Kf8
39.Rxa5 Rxc2 40.Nxb4 Rxb2 41.Nd5 f5 42.gxf6 Kf7 43.Ra8 g5 44.a4 Rb7 45.Kg4 Kg6
46.Rg8+ Kxh6 47.Rxg5 Bc5 48.Rxe5 Bd4 49.Rh5+ Kg6 50.Rg5+ Kh6 51.Ne7  1-0

[Event "Open"]
[Site "Winterthur SUI"]
[Date "2003.10.10"]
[Round "8"]
[White "Speck,H"]
[Black "Zambo,Z"]
[Result "1/2-1/2"]
[WhiteElo "2141"]
[BlackElo "2196"]

1.e4 g6 2.d4 Bg7 3.Nc3 c6 4.Nf3 d6 5.Bc4 Nf6 6.O-O b5 7.Bb3 b4 8.e5 dxe5
9.dxe5 Qxd1 10.Nxd1 Nd5 11.Ne3 Be6 12.Rd1 Nxe3 13.Bxe3 Bg4 14.Bd4 Bxf3 15.gxf3 e6
16.f4 Nd7 17.Ba4 Rc8 18.a3 b3 19.cxb3 Nb6 20.Bxb6 axb6 21.Rac1 Ke7 22.Bxc6 Rhd8
23.Bb5 Rxc1 24.Rxc1 g5 25.Rc7+ Kf8 26.fxg5 Bxe5 27.Rc2 Kg7 28.Kg2 Rd1 29.h4 Rb1
30.Re2 Bd4 31.Bd3 Rxb2 32.Bc2 h5 33.a4 Bc5 34.Bd1 Rxe2 35.Bxe2 Kg6 36.Bd3+ Kg7
37.f4 Bb4 38.f5 exf5 39.Bxf5 Be1 40.Kh3 Bd2 41.Be4 Be1 42.Bf3 Kg6 43.Be2 Bd2
44.Bd3+ Kg7 45.Kg3 Be1+ 46.Kf4 Bxh4 47.b4 Be1 48.b5 Bd2+ 49.Kf5 h4 50.Bf1 Be1
51.Kg4 f6 52.gxf6+  1/2-1/2

[Event "Femida Open"]
[Site "Kharkov UKR"]
[Date "2003.10.15"]
[Round "7"]
[White "Sulejmanova,A"]
[Black "Gordon,V"]
[Result "1-0"]
[WhiteElo "2230"]
[BlackElo "2140"]

1.e4 g6 2.d4 Bg7 3.Nc3 c6 4.Nf3 b5 5.a3 a5 6.Bd3 Na6 7.O-O b4 8.axb4 Nxb4
9.Bc4 Ba6 10.Bxa6 Rxa6 11.e5 d6 12.exd6 Qxd6 13.Ne4 Qc7 14.Nc5 Ra8 15.Bd2 Qb6
16.c3 Na6 17.b4 axb4 18.cxb4 Nc7 19.Rxa8+ Nxa8 20.d5 Nf6 21.Qa4 O-O 22.dxc6 Nc7
23.Ne5 Ra8 24.Qb3 e6 25.Qf3 Ncd5 26.Ncd7 Qd4 27.Be3 Qxb4 28.Bg5 Ra3 29.c7 Rc3
30.Bxf6 Qb7 31.Nd3 Rxc7 32.Bxg7 Kxg7 33.N7e5 f6 34.Ng4 Qb3 35.Nc1 Qa4 36.Ne2  1-0

[Event "1st Israel Int Op"]
[Site "Ashdod ISR"]
[Date "2003.10.17"]
[Round "9"]
[White "Klenburg,M"]
[Black "Kantsler,B"]
[Result "1-0"]
[WhiteElo "2409"]
[BlackElo "2483"]

1.e4 g6 2.d4 Bg7 3.Nc3 c6 4.f4 d5 5.e5 Nh6 6.Nf3 f6 7.Bd3 Bg4 8.h3 Bxf3 9.Qxf3 O-O
10.e6 f5 11.Qe3 c5 12.Qf3 c4 13.Be2 Nc6 14.Be3 Bxd4 15.Nxd5 Qa5+ 16.c3 Bxe3
17.Nxe3 Nd4 18.Qf2 Nxe2 19.Qxe2 Rfd8 20.g4 Kf8 21.g5 Ng8 22.Nxc4 Qc5 23.Rf1 Rac8
24.Ne5 Ke8 25.a4 Rd5 26.Nf3 Rc6 27.Nd4 Rb6 28.Rf3 Rxd4 29.cxd4 Qxd4 30.Kf1 Rxb2
31.Rc1 Kf8 32.Qd1 Qe4 33.Rc8+ Kg7 34.Rxg8+ Kxg8 35.Qd8+  1-0

[Event "9th Medunarodni"]
[Site "Tuzla BIH"]
[Date "2003.10.19"]
[Round "2"]
[White "Avdil,H"]
[Black "Nurkic,S"]
[Result "1-0"]
[WhiteElo "2221"]
[BlackElo "2384"]

1.e4 g6 2.d4 Bg7 3.Nc3 c6 4.Nf3 Nf6 5.Be2 O-O 6.O-O d5 7.e5 Ne8 8.Bf4 Nc7
9.Qd2 Nd7 10.Bh6 f6 11.Bxg7 Kxg7 12.exf6+ exf6 13.Rfe1 Nb6 14.b3 Qd6 15.a4 Ne6
16.g3 Bd7 17.a5 Nc8 18.Na4 Ne7 19.Bd3 Rae8 20.Re3 Ng8 21.Rae1 Nh6 22.b4 Nf7
23.Nc5 Bc8 24.Qe2 Nc7 25.c3 b6 26.Nb3 Bg4 27.Qd2 Bxf3 28.Rxf3 Ng5 29.Rfe3 f5
30.Kg2 f4 31.Rxe8 Nxe8 32.Re5 Nf7 33.Re1 fxg3 34.hxg3 Nf6 35.axb6 axb6 36.Nc1 Ng4
37.Qe2 Nf6 38.Qe7 Re8 39.Qxd6 Nxd6 40.Rxe8 Nfxe8 41.f3 h5 42.Nb3 Kf6 43.f4 Nc7
44.Nc1 g5 45.fxg5+ Kxg5 46.Kf3 Nce8 47.Nb3 Nf6 48.Nd2 b5 49.Nb3 Nfe4 50.Na5 Nxc3
51.Nxc6 Nf5 52.Bc2 Nd6 53.Bd3  1-0

[Event "9th Medunarodni"]
[Site "Tuzla BIH"]
[Date "2003.10.20"]
[Round "4"]
[White "Rosic,S"]
[Black "Nurkic,S"]
[Result "1/2-1/2"]
[WhiteElo "2304"]
[BlackElo "2384"]

1.e4 g6 2.d4 Bg7 3.Nc3 c6 4.Bc4 d5 5.exd5 b5 6.Bb3 b4 7.dxc6 bxc3 8.Qf3 Nf6
9.c7 Qxc7 10.Qxa8 O-O 11.Ne2 cxb2 12.Bxb2 Nc6 13.d5 Bb7 14.Qxf8+ Bxf8 15.dxc6 Qxc6
16.f3 Ba6 17.Nd4 Qc5 18.O-O-O Qg5+ 19.Kb1 Qxg2 20.Nc6 Bb7 21.Ne5 Bd5 22.Rhg1 Qf2
23.Rgf1 Qg2 24.Rg1 Qf2 25.Rgf1 Qg2 26.Rg1 Qg3  1/2-1/2

[Event "300 Years Women"]
[Site "St Petersburg RUS"]
[Date "2003.10.21"]
[Round "4"]
[White "Avdeeva,V"]
[Black "Shushpanova,N"]
[Result "1/2-1/2"]
[WhiteElo "2148"]
[BlackElo "2079"]

1.d4 g6 2.e4 Bg7 3.Nc3 c6 4.Be3 d5 5.exd5 cxd5 6.Bb5+ Nc6 7.h3 Nf6 8.Nf3 O-O
9.O-O Qb6 10.Rb1 Ne4 11.Nxe4 Qxb5 12.Nc3 Qa5 13.a3 e6 14.Qd2 b5 15.Bh6 b4
16.axb4 Qxb4 17.Bxg7 Kxg7 18.Rfd1 Bd7 19.b3 Rfc8 20.Na4 Qxd2 21.Rxd2 Rc7
22.Nb2 Rb8 23.Nd3 Rb6 24.Rb2 a5 25.Ra2 Nb4 26.Nxb4 axb4 27.Ne5 Bb5 28.f3 h5
29.h4 f6 30.Nd3 Bxd3 31.Rxd3 Rbc6 32.Rd2 g5 33.hxg5 fxg5 34.Kf2 Kf6 35.Re2 Kf5
36.Re5+ Kf6 37.Re2 Kf5 38.Re5+ Kf6 39.Re2 Kf5  1/2-1/2

[Event "9th Medunarodni"]
[Site "Tuzla BIH"]
[Date "2003.10.23"]
[Round "9"]
[White "Avdil,H"]
[Black "Dumpor,A"]
[Result "1/2-1/2"]
[WhiteElo "2221"]
[BlackElo "2364"]

1.e4 g6 2.d4 Bg7 3.Nc3 c6 4.Nf3 Nf6 5.Bd3 O-O 6.O-O d5 7.h3 dxe4 8.Nxe4 Nbd7
9.c3 b6 10.Re1 Bb7 11.Bf4 Rc8 12.Qe2 c5 13.dxc5 Nxc5 14.Nxf6+ exf6 15.Bc4 Re8
16.Qxe8+ Qxe8 17.Rxe8+ Rxe8 18.Re1 Rxe1+ 19.Nxe1 Bf8 20.Nd3 Ne6 21.Bb8 a6
22.a4 Be7 23.Kf1 Kf8 24.f3 Ke8  1/2-1/2

[Event "300 Years"]
[Site "St Petersburg RUS"]
[Date "2003.10.24"]
[Round "7"]
[White "Osinovsky,S"]
[Black "Eliseev,A"]
[Result "1/2-1/2"]
[WhiteElo "2274"]
[BlackElo "2477"]

1.e4 g6 2.d4 Bg7 3.Nc3 c6 4.Nf3 d6 5.h3 Nd7 6.g3 Qc7 7.Bg2 b5 8.a3 Bb7 9.O-O Ngf6
10.Qe2 O-O 11.e5 Nd5 12.Nxd5 cxd5 13.e6 fxe6 14.Qxe6+ Kh8 15.Ng5 Nf6 16.Nf7+ Rxf7
17.Qxf7 Qd7 18.Re1 Ne4 19.Qf3 Bxd4 20.Re2 Kg8 21.Qb3 e6 22.Be3 Bg7 23.Rd1 a5
24.Bd4 Bh6 25.Kh2 Bc6 26.Rde1 Qf7 27.f3 Nxg3 28.Rxe6 Qf4 29.Be3 Nf1+ 30.Kg1 Nxe3
31.Qxe3  1/2-1/2

[Event "3rd Rohde Open"]
[Site "Sautron FRA"]
[Date "2003.10.26"]
[Round "2"]
[White "Delorme,Al"]
[Black "Brenneur,R"]
[Result "1-0"]
[WhiteElo "2153"]
[BlackElo "2024"]

1.e4 c6 2.d4 g6 3.Nc3 Bg7 4.f4 d5 5.e5 h5 6.Be2 Nh6 7.Be3 Bg4 8.Qd2 e6 9.O-O-O Bxe2
10.Ngxe2 Nf5 11.Bf2 Nd7 12.g3 Qa5 13.h3 Nb6 14.g4 Nc4 15.Qd3 Ne7 16.Kb1 Qb4
17.b3 b5 18.Rdg1 a5 19.Be1 Qa3 20.Nd1 Nb6 21.Bc3 a4 22.Bb2 Qb4 23.Bc3 Qa3
24.b4 Nc4 25.Ne3 c5 26.dxc5 Nc6 27.Nxd5 exd5 28.Qxd5 Nxb4 29.Qxa8+ Ke7 30.Qb7+ Ke8
31.Qxb5+ Ke7  1-0